000 00662nam a2200205Ia 4500
001 14678
003 GE_BSU
008 181216s||||||||xx |||||||||||||| ||und||
040 _cGE_BSU
080 _a82-93
100 _aქიაჩელი,ლეო
245 _aთხზულებანი. მოთხრობები
245 _cწინას. და შენ. დაურთო აკაკი თოფურიამ
260 _aთბილისი
260 _bნაკადული
260 _c1972
300 _a254გვ.20სმ.
653 _aთხზულებანი. მოთხრობები
942 _cBK
999 _c47804
_d47804